000 03758cam a22011774i 4500
003 PE-LiUPU
005 20250813185502.0
008 150625s r 000 0 d
035 _a(Sirsi) a32863
040 _aPE-LiUPU
_bspa
_cPE-LiUPU
_erda
082 0 4 _a301.854
_bC77
_221
100 1 _aCoriat G., Juan E.,
_d1903- ,
_eautor.
245 1 3 _aEl hombre del Amazonas y ensayo monográfico de Loreto /
_cJuan E. Coriat G.
264 1 _aLima :
_bCoriat,
_c1972.
300 _a254 páginas :
_bilustraciones, fotos, mapas ;
_c28 cm.
336 _atext
_2rdacontent
337 _aunmediated
_2rdamedia
338 _avolume
_2rdacarrier
505 0 _aEl hombre del amazonas. -Nacimiento, infancia, pubertad. -Matrimonios y adulterios. -Cualidades físicas y morales. -Idiomas y dialectos. -Brujos, curanderos, Hechicerías. -Antropofagía. -Religión, mitos, creencias, superticiones. -Industria y comercio. -Vestios y adornos. -Alimentos y bebidas. -Cabañas muebles sociabilidad. -Deformaciones y mutilaciones del cuerpo. -Gerras, armas y guerreros. -Tatuajes y pinturas. -Danza musica, diverciones. -Enfermedades, fallecimientos, entierros. -Diversas constumbres originales y curiosas. -División política. -Ciudades. -Situación económica. -Clima. -Enfermedades. -Sistema de vida. -Subsistencia, Alojamiento y vestidos. -Cualidades físicas y morales. -Vías de comunicación. -Red fluvial - Río Amazonas y descubrimiento. -Nombre del Amazonas- Origen. -Distancias entre los diversos lugares de los ríos de la región. -Flora. -Fauna. -Minería. -Límites. -Límites con Bolivia. -Límites con Brasil. -Límites con colombia. -Límites con Colombia. -Límites con Ecuador.
526 _aP202
526 _aP201
526 _aP163
526 _aP162
526 _aP161
526 _aP160
526 _aP148
526 _aP147
526 _aP146
526 _aP145
526 _aP144
526 _aP143
526 _aP142
526 _aP141
526 _aP140
526 _aP139
526 _aP138
526 _aP137
526 _aP136
526 _aP135
526 _aP134
526 _aP133
526 _aP129
526 _aP128
526 _aP127
526 _aP120
526 _aP119
526 _aP118
526 _aP116
526 _aP115
526 _aP114
526 _aP110
526 _aP109
526 _aP108
526 _aP104
526 _aP103
526 _aP102
526 _aP99
526 _aP98
526 _aP97
526 _aP96
526 _aP95
526 _aP93
526 _aP90
526 _aP89
526 _aP88
526 _aP83
526 _aP82
526 _aP62
526 _aP59
526 _aP58
526 _aP57
526 _aP51
526 _aP49
526 _aP48
526 _aP47
526 _aP29
526 _aP24
526 _aP20
526 _aP19
526 _aP17
526 _aP15
526 _aP14
526 _aP12
526 _aP10
526 _aP09
526 _aP08
526 _aP07
526 _aP06
526 _aP05
526 _aP04
526 _aP01
650 0 4 _aIndígenas del Perú
_zAmazonía
_xVida y costumbres sociales.
_94358
651 _aLoreto (Perú : Departamento)
651 _aAmazonía peruana (Perú).
910 _a
942 _2ddc
_cBOOK
949 _a301.854 C77
_wDEWEY
_c1
_i34583
_lCCODEBUL1
_mBUL
_p00.00
_r0
_sY
_tBOOK
_u2015-06-25
_xBIBLIOTECA
_zUNKNOWN
_0COMPRA
_o.STAFF. Colección General
596 _a1
999 _a301.854 C77
_wDEWEY
_c40562
_i34583
_f2021-11-4
_g5
_lCCODEBUL1
_mBUL
_r0
_sY
_tBOOK
_u2015-6-25
_xBIBLIOTECA
_zUNKNOWN
_0COMPRA
_o.STAFF. Colección General
_d40562
980 _81
_gALBERTO SANCHEZ Responsable de Automatización